[Event "1A liga SSFBiH"]
[Site "Bosanska Krupa, hotel "]
[Date "2018.08.28"]
[Round "6.6"]
[White "Alic, Selmir"]
[Black "Kurtcehajic, Suad"]
[Result "1/2-1/2"]
[WhiteElo "2051"]
[BlackElo "1989"]
[PlyCount "72"]
[EventDate "2018.08.25"]
[EventRounds "9"]
[EventCountry "BIH"]
[WhiteTeam "ŠK Gracanica"]
[BlackTeam "ŠK Sarajevo"]

1. Nf3 d5 2. b3 Bg4 3. Bb2 e6 4. e3 Nf6 5. c4 c6 6. Be2 Nbd7 7. O-O Bd6 8. d4
Ne4 9. Nbd2 Ndf6 10. h3 Bh5 11. Nxe4 Nxe4 12. Nd2 Bxe2 13. Qxe2 Nxd2 14. Qxd2
O-O 15. f4 f5 16. c5 Be7 17. Bc3 Bh4 18. b4 Kh8 19. Kh2 Qe8 20. a4 Rg8 21. Qe2
Bf6 22. b5 g5 23. bxc6 bxc6 24. Rab1 Rb8 25. a5 Qd7 26. Rb2 Rxb2 27. Qxb2 Qc7
28. g3 Rb8 29. Qc2 Qb7 30. g4 fxg4 31. hxg4 gxf4 32. exf4 Qg7 33. Rb1 Rxb1 34.
Qxb1 Qxg4 35. Qb8+ Kg7 36. Qc7+ Kh6 1/2-1/2

[Event "1A liga SSFBiH"]
[Site "Bosanska Krupa, hotel "]
[Date "2018.08.28"]
[Round "6.1"]
[White "Mrkonjic, Nenad"]
[Black "Kojic, Tigran"]
[Result "1/2-1/2"]
[WhiteElo "2352"]
[BlackElo "2340"]
[PlyCount "92"]
[EventDate "2018.08.25"]
[EventRounds "9"]
[EventCountry "BIH"]
[WhiteTeam "OŠK Živinice"]
[BlackTeam "ŠK Igman, Konjic"]

1. c4 e6 2. Nc3 d5 3. cxd5 exd5 4. d4 f5 5. Nf3 Nf6 6. Bf4 c6 7. e3 Be7 8. h3
O-O 9. Be2 Nbd7 10. O-O Ne4 11. Ne5 Nxe5 12. Bxe5 Bd6 13. Bxd6 Qxd6 14. f4 Nxc3
15. bxc3 c5 16. dxc5 Qxc5 17. Qd4 b6 18. Qxc5 bxc5 19. Bf3 Be6 20. c4 Rad8 21.
cxd5 Bxd5 22. Kf2 Be6 23. Rfc1 c4 24. Rc2 Rf7 25. Rac1 Rc7 26. Be2 Rdc8 27. Rc3
Rc5 28. g4 g6 29. Rb1 R8c7 30. Ke1 Kg7 31. g5 h6 32. h4 hxg5 33. hxg5 Bd5 34.
Kd2 Rc8 35. Rbc1 a5 36. Ra3 c3+ 37. Rcxc3 Rxc3 38. Rxc3 Rxc3 39. Kxc3 Bxa2 40.
Bb5 Bd5 41. Kd4 Bb3 42. Kc5 Kf7 43. Kd4 Ke7 44. Bd3 Kd6 45. e4 fxe4 46. Bxe4
Bf7 1/2-1/2

[Event "1A liga SSFBiH"]
[Site "Bosanska Krupa, hotel "]
[Date "2018.08.28"]
[Round "6.2"]
[White "Pastar, Slaven"]
[Black "Trumic, Enes"]
[Result "1-0"]
[WhiteElo "2307"]
[BlackElo "2244"]
[PlyCount "123"]
[EventDate "2018.08.25"]
[EventRounds "9"]
[EventCountry "BIH"]
[WhiteTeam "ŠK Igman, Konjic"]
[BlackTeam "OŠK Živinice"]

1. e4 e5 2. Nf3 Nc6 3. d4 exd4 4. Nxd4 Nf6 5. Nxc6 bxc6 6. Qe2 Qe7 7. Nc3 Qe6
8. Qe3 Bb4 9. Bd2 O-O 10. Bd3 Ng4 11. Qd4 c5 12. Qd5 c6 13. Qxe6 fxe6 14. O-O
d5 15. b3 Ne5 16. Be2 c4 17. f4 Ng6 18. bxc4 d4 19. Nb1 Bxd2 20. Nxd2 Nxf4 21.
Bd3 e5 22. Nf3 Ng6 23. c5 h6 24. Bc4+ Kh7 25. h3 Rf6 26. Rab1 Rf4 27. g3 Rf6
28. Kg2 Be6 29. Bxe6 Rxe6 30. Rb7 Rd8 31. Ne1 Re7 32. Rf7 Rxf7 33. Rxf7 Rb8 34.
Rxa7 Rb2 35. Ra6 Ne7 36. Kf3 d3 37. Nxd3 Rxc2 38. a4 Rc3 39. Ke2 Rc4 40. Ke3
Ng8 41. Nxe5 Rxc5 42. Kd4 Rc1 43. Rxc6 Ra1 44. Rc4 Nf6 45. Nc6 Nd7 46. a5 Kg8
47. Kd5 Nf6+ 48. Kc5 Kf7 49. e5 Nd7+ 50. Kd6 Ke8 51. e6 Nf6 52. Rd4 Kf8 53. Kc7
Re1 54. Rd8+ Ne8+ 55. Kd7 Rd1+ 56. Kc8 Rc1 57. Kb7 Rb1+ 58. Ka7 Re1 59. e7+ Kf7
60. Rd4 Rc1 61. Kb6 Nf6 62. g4 1-0

[Event "1A liga SSFBiH"]
[Site "Bosanska Krupa, hotel "]
[Date "2018.08.28"]
[Round "6.3"]
[White "Mahmutbegovic, Muharem"]
[Black "Mrndjic, Muamer"]
[Result "0-1"]
[WhiteElo "2018"]
[BlackElo "2249"]
[PlyCount "84"]
[EventDate "2018.08.25"]
[EventRounds "9"]
[EventCountry "BIH"]
[WhiteTeam "OŠK Živinice"]
[BlackTeam "ŠK Igman, Konjic"]

1. e4 c5 2. Nf3 d6 3. d4 cxd4 4. Nxd4 Nf6 5. Nc3 a6 6. Be3 e5 7. Nb3 Be7 8. Be2
Be6 9. Bf3 O-O 10. Nd5 Nxd5 11. exd5 Bf5 12. g4 Bg6 13. Qd2 Nd7 14. h4 Rc8 15.
c3 h6 16. g5 f5 17. gxf6 Nxf6 18. Rg1 Kh7 19. O-O-O Qd7 20. h5 Bf5 21. Rg3 Qa4
22. Na1 Qxa2 23. Nc2 Rf7 24. Rdg1 Bf8 25. Bh1 Ne4 26. Bxe4 Bxe4 27. f3 Bf5 28.
Qg2 b5 29. Rg6 b4 30. Rxh6+ Kg8 31. Nxb4 Qb1+ 32. Kd2 Qxb2+ 33. Kd1 Qb3+ 34.
Ke1 Rxc3 35. Bd2 Rxf3 36. Rg6 Qb1+ 37. Ke2 Bd3+ 38. Nxd3 Qxd3+ 39. Ke1 Rf2 40.
Qxf2 Rxf2 41. Kxf2 Qxd2+ 42. Kf1 Qd1+ 0-1

[Event "1A liga SSFBiH"]
[Site "Bosanska Krupa, hotel "]
[Date "2018.08.28"]
[Round "6.4"]
[White "Zacinovic, Alija"]
[Black "Sinanovic, Ermin"]
[Result "1/2-1/2"]
[WhiteElo "2171"]
[BlackElo "2155"]
[PlyCount "65"]
[EventDate "2018.08.25"]
[EventRounds "9"]
[EventCountry "BIH"]
[WhiteTeam "ŠK Igman, Konjic"]
[BlackTeam "OŠK Živinice"]

1. e4 c5 2. Nf3 d6 3. d4 cxd4 4. Nxd4 Nf6 5. Nc3 a6 6. Bg5 e6 7. Be2 Be7 8. O-O
O-O 9. f4 Nc6 10. Kh1 h6 11. Bh4 Bd7 12. Nb3 Nxe4 13. Nxe4 Bxh4 14. Nxd6 b6 15.
Qd2 Qc7 16. Rad1 Rfd8 17. Nc4 Ne7 18. Qe3 Nd5 19. Qc1 Bb5 20. Rd4 f5 21. a4
Bxa4 22. Ne5 Be8 23. Rc4 Qd6 24. Rd4 b5 25. Bf3 Bf6 26. Bxd5 exd5 27. Qe3 Rac8
28. c3 Rc7 29. Re1 Re7 30. Rd2 Bd7 31. Nd4 Rde8 32. Ndf3 g5 33. Rde2 1/2-1/2

[Event "1A liga SSFBiH"]
[Site "Bosanska Krupa, hotel "]
[Date "2018.08.28"]
[Round "6.5"]
[White "Ramic, Mirnes"]
[Black "Kovacic, Dubravko"]
[Result "1-0"]
[WhiteElo "2068"]
[BlackElo "2045"]
[PlyCount "78"]
[EventDate "2018.08.25"]
[EventRounds "9"]
[EventCountry "BIH"]
[WhiteTeam "OŠK Živinice"]
[BlackTeam "ŠK Igman, Konjic"]

1. e4 c5 2. Nc3 Nc6 3. Nf3 e6 4. h3 d5 5. exd5 exd5 6. d4 Nf6 7. Be3 Qa5 8. Bd3
c4 9. Be2 Ne4 10. Bd2 Nxd2 11. Qxd2 Be7 12. O-O O-O 13. a3 Be6 14. Rfe1 h6 15.
Bf1 Rfe8 16. Ne2 Qxd2 17. Nxd2 b5 18. g4 a5 19. c3 Bd6 20. Bg2 Rad8 21. Nf1 Ne7
22. Ne3 Bc7 23. Ng3 Ng6 24. Nxd5 Bxd5 25. Rxe8+ Rxe8 26. Bxd5 Bxg3 27. fxg3 Re2
28. Rf1 Re7 29. Bc6 b4 30. cxb4 axb4 31. axb4 Re3 32. Rf3 Re1+ 33. Kg2 Rd1 34.
Be8 Rxd4 35. Bxf7+ Kh7 36. Bxg6+ Kxg6 37. Rc3 Rd2+ 38. Kf3 Rxb2 39. Ke3 Rb3 1-0

[Event "1A liga SSFBiH"]
[Site "Bosanska Krupa, hotel "]
[Date "2018.08.28"]
[Round "6.6"]
[White "Zenelaj, Samuel"]
[Black "Salkic, Mahir"]
[Result "0-1"]
[WhiteElo "1869"]
[BlackElo "2020"]
[PlyCount "80"]
[EventDate "2018.08.25"]
[EventRounds "9"]
[EventCountry "BIH"]
[WhiteTeam "ŠK Igman, Konjic"]
[BlackTeam "OŠK Živinice"]

1. c4 e5 2. Nf3 Nf6 3. Nc3 d6 4. g3 g6 5. Bg2 Bg7 6. d3 O-O 7. O-O c6 8. e4 h6
9. b4 Be6 10. a4 Qd7 11. Ba3 Nh5 12. Nd2 Bg4 13. f3 Bh3 14. Nb3 Bxg2 15. Kxg2
Na6 16. b5 Nc7 17. c5 d5 18. b6 d4 19. Ne2 Ne6 20. a5 a6 21. Nd2 Qe7 22. Rc1 f5
23. Nc4 Qg5 24. Kh1 Kh7 25. Nd6 Rab8 26. Bb4 f4 27. g4 Nf6 28. Qb3 Nd8 29. Be1
Nd7 30. Bb4 Qf6 31. Qc2 Ne6 32. Nc4 Rg8 33. Nd2 Bf8 34. Nb3 Be7 35. Qc4 h5 36.
h3 hxg4 37. hxg4 Kg7 38. Kg2 Rh8 39. Rh1 Rbg8 40. Rcg1 Kf7 {neÄitko} 0-1

[Event "1A liga SSFBiH"]
[Site "Bosanska Krupa, hotel "]
[Date "2018.08.28"]
[Round "6.2"]
[White "Dumpor, Atif"]
[Black "Avdic, Adnan"]
[Result "1/2-1/2"]
[WhiteElo "2303"]
[BlackElo "2203"]
[PlyCount "22"]
[EventDate "2018.08.25"]
[EventRounds "9"]
[EventCountry "BIH"]
[WhiteTeam "ŠK Cazin"]
[BlackTeam "ŠK Banovici"]

1. d4 f5 2. c4 Nf6 3. Nc3 e6 4. Nf3 Be7 5. g3 O-O 6. Bg2 d5 7. cxd5 exd5 8. O-O
c6 9. Bf4 Ne4 10. Qb3 Qb6 11. h4 Nd7 1/2-1/2

[Event "1A liga SSFBiH"]
[Site "Bosanska Krupa, hotel "]
[Date "2018.08.28"]
[Round "6.3"]
[White "Jovanovic, Nenad"]
[Black "Komic, Ibrahim"]
[Result "0-1"]
[WhiteElo "2069"]
[BlackElo "2193"]
[PlyCount "94"]
[EventDate "2018.08.25"]
[EventRounds "9"]
[EventCountry "BIH"]
[WhiteTeam "ŠK Banovici"]
[BlackTeam "ŠK Cazin"]

1. d4 c5 2. Nf3 cxd4 3. Nxd4 d5 4. g3 e5 5. Nb3 Nc6 6. Bg2 Be6 7. O-O h6 8. Be3
d4 9. Bd2 Nf6 10. c3 Bd5 11. cxd4 Bxg2 12. Kxg2 exd4 13. e3 dxe3 14. Bxe3 Qd5+
15. Qf3 O-O-O 16. Nc3 Qxf3+ 17. Kxf3 Bb4 18. Rad1 Bxc3 19. bxc3 Nd5 20. Bd4
Nxd4+ 21. cxd4 b6 22. a4 Kb7 23. a5 Rc8 24. Rc1 f5 25. h4 Rxc1 26. Rxc1 Rc8 27.
Rxc8 Kxc8 28. axb6 axb6 29. g4 fxg4+ 30. Kxg4 Ne7 31. Kf3 Kd7 32. Ke4 Ke6 33.
Nd2 Nd5 34. Nf3 b5 35. Nd2 Nf6+ 36. Kd3 Kf5 37. f3 Kf4 38. Ke2 g6 39. Kd3 Nd5
40. Ke2 Kg3 41. Ne4+ Kxh4 42. Kd3 h5 43. Nc3 Nxc3 44. Kxc3 Kg5 45. Kb4 Kf6 46.
Kxb5 Ke7 47. Kc6 Kd8 0-1

[Event "1A liga SSFBiH"]
[Site "Bosanska Krupa, hotel "]
[Date "2018.08.28"]
[Round "6.4"]
[White "Abdic, Adnan"]
[Black "Rahmanovic, Mesan"]
[Result "1-0"]
[WhiteElo "2123"]
[BlackElo "1925"]
[PlyCount "73"]
[EventDate "2018.08.25"]
[EventRounds "9"]
[EventCountry "BIH"]
[WhiteTeam "ŠK Cazin"]
[BlackTeam "ŠK Banovici"]

1. e4 e5 2. Nf3 d6 3. d4 exd4 4. Nxd4 Nf6 5. Nc3 Be7 6. Bc4 a6 7. a4 a5 8. O-O
Na6 9. f4 O-O 10. Ba2 Nc5 11. e5 dxe5 12. fxe5 Ng4 13. Bf4 Bg5 14. Ndb5 Qxd1
15. Raxd1 Bxf4 16. Rxf4 Nxe5 17. Nxc7 Rb8 18. Rd5 Ncd7 19. Re4 Nc6 20. Rd6 Nf6
21. Re2 Bf5 22. N3d5 Ne4 23. Rxc6 bxc6 24. Ne7+ Kh8 25. Nxf5 Rxb2 26. Rxe4 Rxa2
27. Rc4 Rd8 28. Nd4 g6 29. h3 c5 30. Nb3 Rd7 31. Na6 h5 32. Naxc5 Ra1+ 33. Nxa1
Rd1+ 34. Kf2 Rxa1 35. Nb3 Ra2 36. Ke3 Kg7 37. Kd2 1-0

[Event "1A liga SSFBiH"]
[Site "Bosanska Krupa, hotel "]
[Date "2018.08.28"]
[Round "6.5"]
[White "Komadaric, Edin"]
[Black "Causevic, Sead"]
[Result "1-0"]
[WhiteElo "2096"]
[BlackElo "2140"]
[PlyCount "47"]
[EventDate "2018.08.25"]
[EventRounds "9"]
[EventCountry "BIH"]
[WhiteTeam "ŠK Banovici"]
[BlackTeam "ŠK Cazin"]

1. e4 c5 2. Nf3 d6 3. c3 Nf6 4. Be2 Nc6 5. d4 cxd4 6. cxd4 g6 7. Nc3 Bg7 8. O-O
O-O 9. h3 a6 10. Be3 d5 11. e5 Ne8 12. Qd2 f6 13. Bh6 Bxh6 14. Qxh6 Ng7 15.
Rac1 Bf5 16. Qe3 Qa5 17. Nxd5 Rad8 18. Rxc6 bxc6 19. Nxe7+ Kh8 20. Nxc6 Qxa2
21. Nxd8 Rxd8 22. exf6 Ne6 23. b3 Qc2 24. Bc4 1-0

[Event "1A liga SSFBiH"]
[Site "Bosanska Krupa, hotel "]
[Date "2018.08.28"]
[Round "6.6"]
[White "Nuhic, Amir"]
[Black "Softic, Nusret"]
[Result "1-0"]
[WhiteElo "2155"]
[BlackElo "1879"]
[PlyCount "57"]
[EventDate "2018.08.25"]
[EventRounds "9"]
[EventCountry "BIH"]
[WhiteTeam "ŠK Cazin"]
[BlackTeam "ŠK Banovici"]

1. e4 e5 2. Nf3 Nc6 3. Bb5 d6 4. d4 exd4 5. Nxd4 Bd7 6. Nxc6 bxc6 7. Ba4 Nf6 8.
Nc3 Be7 9. O-O O-O 10. Bb3 Be6 11. Bg5 h6 12. Be3 Nd7 13. Bxe6 fxe6 14. Qg4 Rf6
15. f4 Kh7 16. Rad1 e5 17. f5 Nb6 18. Ne2 Qg8 19. Qh3 g5 20. g4 d5 21. Ng3 Nc4
22. Nh5 Rf7 23. exd5 cxd5 24. Rxd5 Nxe3 25. Qxe3 Bd6 26. c4 Rff8 27. Qe4 Rae8
28. c5 Be7 29. f6+ 1-0

[Event "1A liga SSFBiH"]
[Site "Bosanska Krupa, hotel "]
[Date "2018.08.28"]
[Round "6.1"]
[White "Markovic, Dino"]
[Black "Obad, Andrija"]
[Result "1/2-1/2"]
[WhiteElo "2010"]
[BlackElo "2288"]
[PlyCount "98"]
[EventDate "2018.08.25"]
[EventRounds "9"]
[EventCountry "BIH"]
[WhiteTeam "ŠK Preporod, Zenica"]
[BlackTeam "ŠK Inzio-Tušanj, Tuzla"]

1. d4 Nf6 2. c4 d6 3. Nc3 g6 4. e4 e5 5. Nf3 Nbd7 6. Be2 Bg7 7. O-O O-O 8. h3
h6 9. Be3 exd4 10. Nxd4 Re8 11. f3 c6 12. Qd2 Kh7 13. Nc2 Qc7 14. Rad1 Bf8 15.
Rfe1 a5 16. Bd4 a4 17. b4 axb3 18. axb3 Bg7 19. b4 Nf8 20. Bf2 Nh5 21. Bd4 Nf6
22. Bf2 Nh5 23. Bd4 Be5 24. Bxe5 dxe5 25. Qd6 Qxd6 26. Rxd6 Nf4 27. Bf1 Be6 28.
Red1 Kg7 29. Kf2 Rec8 30. g3 Nh5 31. Ra1 Kf6 32. Rdd1 Ke7 33. Rxa8 Rxa8 34. Ra1
Rd8 35. Rd1 Nd7 36. Ne3 Ra8 37. Ned5+ cxd5 38. cxd5 Ra3 39. dxe6 fxe6 40. Bb5
Nhf6 41. Rd3 Ra1 42. Rd1 Ra3 43. Rd3 Ra8 44. Na4 Rc8 45. Rc3 Rb8 46. Ke3 g5 47.
Bxd7 Nxd7 48. Nc5 Nb6 49. Nd3 Kd6 1/2-1/2

[Event "1A liga SSFBiH"]
[Site "Bosanska Krupa, hotel "]
[Date "2018.08.28"]
[Round "6.2"]
[White "Jeremic, Milan"]
[Black "Bajramovic, Halid"]
[Result "0-1"]
[WhiteElo "2181"]
[BlackElo "2107"]
[PlyCount "140"]
[EventDate "2018.08.25"]
[EventRounds "9"]
[EventCountry "BIH"]
[WhiteTeam "ŠK Inzio-Tušanj, Tuzla"]
[BlackTeam "ŠK Preporod, Zenica"]

1. d4 Nf6 2. Nf3 g6 3. c4 Bg7 4. Nc3 d6 5. e3 O-O 6. Be2 c6 7. O-O Qc7 8. b3 e5
9. Qc2 exd4 10. Nxd4 a6 11. Bb2 Nbd7 12. Rad1 Nc5 13. Ba3 Re8 14. Bf3 Bg4 15.
Bxg4 Nxg4 16. h3 Nf6 17. Bxc5 dxc5 18. Nf3 b5 19. Rd3 h6 20. Rfd1 b4 21. Na4
Bf8 22. Qe2 a5 23. Nh2 Rad8 24. Ng4 Ne4 25. Qf3 Rxd3 26. Rxd3 f5 27. Nh2 Rd8
28. Rxd8 Qxd8 29. Nf1 Qf6 30. Qd1 Nc3 31. Nxc3 bxc3 32. Qd3 Bg7 33. Ng3 Qe5 34.
f4 c2 35. Qxc2 Qxe3+ 36. Qf2 Bd4 37. Qxe3 Bxe3+ 38. Kf1 Bxf4 39. Ne2 Be5 40.
Nc1 Kf7 41. Ke2 Kf6 42. Nd3 Bd6 43. Kf3 g5 44. g4 Kg6 45. a3 h5 46. Nf2 Be5 47.
Nd3 Bd4 48. a4 fxg4+ 49. hxg4 hxg4+ 50. Kxg4 Kf6 51. Ne1 Ke5 52. Kf3 g4+ 53.
Kxg4 Ke4 54. Kg5 Bf2 55. Ng2 Kd4 56. Kf4 Kc3 57. Ke4 Kxb3 58. Kd3 Kxa4 59. Nf4
Kb3 60. Ne2 a4 61. Kd2 a3 62. Nc1+ Kxc4 63. Kc2 Bd4 64. Kb1 Bb2 65. Nb3 Kb4 66.
Kc2 c4 67. Kb1 Be5 68. Nc1 Kc3 69. Na2+ Kd2 70. Nb4 c3 0-1

[Event "1A liga SSFBiH"]
[Site "Bosanska Krupa, hotel "]
[Date "2018.08.28"]
[Round "6.3"]
[White "Hadzic, Latif"]
[Black "Budimir, Boris"]
[Result "1/2-1/2"]
[WhiteElo "2053"]
[BlackElo "2203"]
[PlyCount "44"]
[EventDate "2018.08.25"]
[EventRounds "9"]
[EventCountry "BIH"]
[WhiteTeam "ŠK Preporod, Zenica"]
[BlackTeam "ŠK Inzio-Tušanj, Tuzla"]

1. e4 c5 2. Nf3 Nc6 3. d4 cxd4 4. Nxd4 Nf6 5. Nc3 d6 6. Bg5 e6 7. Bc4 a6 8. Qd2
Bd7 9. O-O-O b5 10. Nxc6 Bxc6 11. Bb3 a5 12. Rhe1 Be7 13. Bxf6 gxf6 14. a4 b4
15. Nb5 Bxb5 16. axb5 a4 17. Bc4 Qa5 18. Re3 Rg8 19. f4 Qa7 20. g3 Rc8 21. Bf1
b3 22. c4 Kf8 1/2-1/2

[Event "1A liga SSFBiH"]
[Site "Bosanska Krupa, hotel "]
[Date "2018.08.28"]
[Round "6.4"]
[White "Dugonjic, Dragan"]
[Black "Redzepi, Mehmedalija"]
[Result "1-0"]
[WhiteElo "2036"]
[BlackElo "1883"]
[PlyCount "65"]
[EventDate "2018.08.25"]
[EventRounds "9"]
[EventCountry "BIH"]
[WhiteTeam "ŠK Inzio-Tušanj, Tuzla"]
[BlackTeam "ŠK Preporod, Zenica"]

1. c4 c5 2. Nf3 Nf6 3. d4 d6 4. Nc3 cxd4 5. Nxd4 g6 6. e4 Bg7 7. Be3 Nc6 8. Be2
O-O 9. O-O Bd7 10. Nc2 a6 11. h3 Rc8 12. Qd2 h5 13. f4 Qa5 14. Rac1 Ne8 15. Nd4
Nxd4 16. Bxd4 Bxd4+ 17. Qxd4 Qc5 18. Qxc5 Rxc5 19. b4 Rc6 20. Nd5 e6 21. Ne7+
Kg7 22. Nxc6 Bxc6 23. Bf3 f5 24. e5 Bxf3 25. Rxf3 dxe5 26. fxe5 Rf7 27. Rd3 g5
28. Rcd1 Kg6 29. Rd7 Rxd7 30. Rxd7 f4 31. Rxb7 g4 32. hxg4 hxg4 33. c5 1-0

[Event "1A liga SSFBiH"]
[Site "Bosanska Krupa, hotel "]
[Date "2018.08.28"]
[Round "6.5"]
[White "Besirevic, Jasmin"]
[Black "Zupcevic, Nedim"]
[Result "0-1"]
[WhiteElo "1863"]
[BlackElo "2051"]
[PlyCount "78"]
[EventDate "2018.08.25"]
[EventRounds "9"]
[EventCountry "BIH"]
[WhiteTeam "ŠK Preporod, Zenica"]
[BlackTeam "ŠK Inzio-Tušanj, Tuzla"]

1. c4 e5 2. Nc3 Nc6 3. d3 Nf6 4. Nf3 h6 5. g3 Bc5 6. e3 d5 7. cxd5 Nxd5 8. Bg2
Ndb4 9. Ke2 Bg4 10. a3 Nd5 11. Bd2 O-O 12. Rc1 Bb6 13. h3 Bh5 14. Qb3 Nf6 15.
Ne4 Nxe4 16. dxe4 Qf6 17. Bc3 Rfd8 18. Rcd1 Rd6 19. Rxd6 cxd6 20. Rd1 Rd8 21.
Qd5 Qe7 22. b4 a6 23. a4 Kh8 24. a5 Ba7 25. g4 Bg6 26. Ne1 f6 27. b5 Bf7 28.
Qd3 axb5 29. Qxb5 Rc8 30. Bd2 Nd4+ 31. exd4 Bc4+ 32. Qxc4 Rxc4 33. dxe5 dxe5
34. Rb1 Qd7 35. Bf3 Ra4 36. Rb3 Qd4 37. Nd3 Ra2 38. h4 Qc4 39. Rb4 Qc3 0-1

[Event "1A liga SSFBiH"]
[Site "Bosanska Krupa, hotel "]
[Date "2018.08.28"]
[Round "6.6"]
[White "Mesic, Ismet"]
[Black "Kustura, Hajrudin"]
[Result "1/2-1/2"]
[WhiteElo "1562"]
[BlackElo "1698"]
[PlyCount "71"]
[EventDate "2018.08.25"]
[EventRounds "9"]
[EventCountry "BIH"]
[WhiteTeam "ŠK Inzio-Tušanj, Tuzla"]
[BlackTeam "ŠK Preporod, Zenica"]

1. d4 Nf6 2. Nf3 d5 3. c4 e6 4. Nc3 Be7 5. e3 O-O 6. Bd3 c5 7. cxd5 exd5 8. O-O
Nc6 9. dxc5 Bxc5 10. h3 a6 11. b3 b5 12. Bb2 Be6 13. Rc1 Qb6 14. Qe2 h6 15. a3
Rfe8 16. b4 Be7 17. Rfd1 Rad8 18. Bc2 g6 19. Qf1 Bf8 20. Nxb5 Ne4 21. Nbd4 Nxd4
22. Nxd4 Bg7 23. Qe1 Rc8 24. Bxe4 dxe4 25. Qe2 Bd7 26. Qd2 Ba4 27. Rxc8 Rxc8
28. Rc1 Rxc1+ 29. Qxc1 Qb7 30. Ne2 Bb5 31. Nd4 Bd7 32. Nb3 Qd5 33. Nc5 Bxb2 34.
Qxb2 Qd1+ 35. Kh2 Qd6+ 36. g3 1/2-1/2

[Event "1A liga SSFBiH"]
[Site "Bosanska Krupa, hotel "]
[Date "2018.08.28"]
[Round "6.1"]
[White "Vajic, Goran"]
[Black "Zajic, Milan"]
[Result "1-0"]
[WhiteElo "2280"]
[BlackElo "2503"]
[PlyCount "163"]
[EventDate "2018.08.25"]
[EventRounds "9"]
[EventCountry "BIH"]
[WhiteTeam "ŠK Bihac"]
[BlackTeam "ŠK Goražde"]

1. e4 g6 2. d4 Bg7 3. f4 d5 4. e5 c5 5. dxc5 Nc6 6. Nc3 d4 7. Ne4 Bf5 8. Qf3 f6
9. Bc4 fxe5 10. Ng5 Qa5+ 11. Bd2 Qxc5 12. Bf7+ Kf8 13. g4 h6 14. Bxg8 hxg5 15.
gxf5 Rxg8 16. fxg5 e4 17. Qxe4 gxf5 18. Qd3 Qd5 19. Nf3 e5 20. Qxf5+ Ke7 21.
O-O Raf8 22. Qg4 Qe6 23. Qe4 Qf5 24. Rae1 Qxe4 25. Rxe4 Ke6 26. Kg2 Kd5 27.
Rfe1 Rf7 28. R1e2 Rgf8 29. Ne1 Rf2+ 30. Rxf2 Rxf2+ 31. Kxf2 Kxe4 32. c3 dxc3
33. Bxc3 Kf5 34. h4 Bf8 35. Nf3 Bc5+ 36. Ke2 Bd6 37. h5 e4 38. Nd2 Bf4 39. h6
Ne7 40. h7 Ng6 41. h8=Q Nxh8 42. Bxh8 Bxg5 43. Bd4 b6 44. b3 Bf4 45. Nc4 Ke6
46. Ne3 Bg3 47. Kd2 Bf4 48. Kc3 Kd6 49. Kc4 Kc6 50. a4 Bg5 51. Nd5 Bd2 52. Be3
Be1 53. Nf6 a6 54. Nxe4 b5+ 55. axb5+ axb5+ 56. Kd4 Bb4 57. Ke5 Bf8 58. Ke6 Bb4
59. Nf6 Bd6 60. Nd7 Bg3 61. Ne5+ Kb7 62. Kd5 Be1 63. Nd3 Bc3 64. Kc5 Kc7 65.
Kxb5 Kb7 66. Kc4 Ba5 67. Bd4 Bd2 68. Bc3 Bg5 69. b4 Bd8 70. b5 Bb6 71. Bd4 Ba5
72. Nc5+ Kc8 73. Ne4 Kd7 74. Kd5 Kc7 75. Nd6 Kd7 76. Nc4 Bc7 77. Bb6 Bb8 78.
Ba5 Ba7 79. Ne5+ Kc8 80. Kc6 Bd4 81. Nd7 Ba7 82. Bb6 1-0

[Event "1A liga SSFBiH"]
[Site "Bosanska Krupa, hotel "]
[Date "2018.08.28"]
[Round "6.2"]
[White "Vukic, Milan"]
[Black "Trkulja, Goran"]
[Result "1-0"]
[WhiteElo "2386"]
[BlackElo "2295"]
[PlyCount "93"]
[EventDate "2018.08.25"]
[EventRounds "9"]
[EventCountry "BIH"]
[WhiteTeam "ŠK Goražde"]
[BlackTeam "ŠK Bihac"]

1. Nf3 d5 2. g3 Nc6 3. c4 d4 4. Bg2 e5 5. O-O Nf6 6. d3 Be7 7. b4 e4 8. dxe4
Nxb4 9. Nxd4 c5 10. a3 Qxd4 11. Qxd4 cxd4 12. axb4 Bxb4 13. Bb2 Bg4 14. Bxd4
Bxe2 15. Rc1 O-O 16. e5 Ng4 17. h3 Nh6 18. Bxb7 Rab8 19. Bd5 a5 20. Ba7 Rbc8
21. Bb6 Rfe8 22. f4 Nf5 23. Kf2 Bd3 24. c5 Ne7 25. Bb7 Rb8 26. c6 Be4 27. Ba7
Rxb7 28. cxb7 Bxb7 29. Bb6 Nd5 30. Bd4 g5 31. fxg5 Ne7 32. Rc7 Bc8 33. Nc3 Bxh3
34. Ne4 Rd8 35. Bc5 Ng6 36. Rh1 Bxc5+ 37. Rxc5 Be6 38. Rxa5 Kg7 39. Nf6 Nf8 40.
Rh6 Rb8 41. g4 Rb2+ 42. Ke3 Rb3+ 43. Kd2 Rb2+ 44. Kc1 Rb4 45. Ra8 Rc4+ 46. Kd2
Rc5 47. Rxh7+ 1-0

[Event "1A liga SSFBiH"]
[Site "Bosanska Krupa, hotel "]
[Date "2018.08.28"]
[Round "6.3"]
[White "Rajic, Ivan"]
[Black "Muratovic, Efim"]
[Result "1-0"]
[WhiteElo "2012"]
[BlackElo "2383"]
[PlyCount "103"]
[EventDate "2018.08.25"]
[EventRounds "9"]
[EventCountry "BIH"]
[WhiteTeam "ŠK Bihac"]
[BlackTeam "ŠK Goražde"]

1. e4 c5 2. Nf3 e6 3. d4 cxd4 4. Nxd4 Nf6 5. Nc3 d6 6. f4 a6 7. Qf3 Qc7 8. Bd3
b5 9. O-O b4 10. Nce2 Bb7 11. Ng3 h5 12. Nb3 Nbd7 13. Qe2 Be7 14. Nh1 e5 15.
Ng3 g6 16. f5 Ng4 17. fxg6 fxg6 18. Rf3 Qb6+ 19. Kh1 O-O-O 20. Nf1 Ndf6 21. Be3
Nxe3 22. Nxe3 Kb8 23. Nc4 Qc7 24. Nca5 Qb6 25. Nxb7 Kxb7 26. a3 Rdf8 27. axb4
Ng4 28. Bxa6+ Kb8 29. Qb5 Qxb5 30. Bxb5 Nf2+ 31. Kg1 Nxe4 32. Bc6 d5 33. Bxd5
Nf6 34. Rxf6 Bxf6 35. Nc5 Rd8 36. Ra8+ Kc7 37. Ra7+ Kd6 38. c4 e4 39. Ra6+ Ke7
40. Re6+ Kf7 41. Rxe4+ Kg7 42. Ne6+ Kh6 43. Nxd8 Rxd8 44. b3 Bc3 45. b5 Bb4 46.
g3 Rf8 47. Re2 Rf6 48. Kg2 Bc5 49. Bc6 Kg7 50. Bf3 Rf5 51. Re6 Kf7 52. Rc6 1-0

[Event "1A liga SSFBiH"]
[Site "Bosanska Krupa, hotel "]
[Date "2018.08.28"]
[Round "6.4"]
[White "Stavnjak, Lazar"]
[Black "Arnaut, Armin"]
[Result "1-0"]
[WhiteElo "2221"]
[BlackElo "2070"]
[PlyCount "75"]
[EventDate "2018.08.25"]
[EventRounds "9"]
[EventCountry "BIH"]
[WhiteTeam "ŠK Goražde"]
[BlackTeam "ŠK Bihac"]

1. e4 c5 2. Nf3 Nc6 3. d4 cxd4 4. Nxd4 g6 5. c4 Bg7 6. Be3 Nf6 7. Nc3 d6 8. Be2
O-O 9. O-O Bd7 10. Qd2 Nxd4 11. Bxd4 Bc6 12. f3 Nd7 13. Bxg7 Kxg7 14. Rad1 Qb6+
15. Qd4+ Qxd4+ 16. Rxd4 a5 17. b3 Nc5 18. Rd2 f5 19. exf5 gxf5 20. Re1 Kf7 21.
Bd1 Rad8 22. a3 Na6 23. Bc2 e6 24. Red1 Ke7 25. Kf2 b6 26. Ne2 Rf6 27. Nd4 Nb8
28. Re1 Kf7 29. b4 axb4 30. axb4 Bd7 31. f4 Rc8 32. Bb3 Na6 33. Nc2 b5 34. Rxd6
bxc4 35. Rxd7+ Ke8 36. Ba4 Nc5 37. bxc5 Ra8 38. Ra7+ 1-0

[Event "1A liga SSFBiH"]
[Site "Bosanska Krupa, hotel "]
[Date "2018.08.28"]
[Round "6.5"]
[White "Stankovic, Dragan"]
[Black "Sadikovic, Jasmin"]
[Result "1/2-1/2"]
[WhiteElo "1924"]
[BlackElo "2078"]
[PlyCount "139"]
[EventDate "2018.08.25"]
[EventRounds "9"]
[EventCountry "BIH"]
[WhiteTeam "ŠK Bihac"]
[BlackTeam "ŠK Goražde"]

1. e4 c5 2. Nf3 d6 3. d4 cxd4 4. Nxd4 Nf6 5. Nc3 a6 6. Bc4 e5 7. Nf3 Be7 8. Bg5
Qc7 9. Qe2 Be6 10. Bb3 O-O 11. O-O Nbd7 12. Rfd1 b5 13. Bxf6 Bxf6 14. Qd2 Be7
15. Ng5 Bxb3 16. axb3 Nf6 17. Nf3 Rfc8 18. Rac1 Bf8 19. Nd5 Nxd5 20. Qxd5 Qc6
21. c3 g6 22. Ra1 Be7 23. Ra2 Qxd5 24. Rxd5 f5 25. b4 fxe4 26. Nd2 Kf7 27. Nxe4
Ke6 28. Rd1 d5 29. Ng3 Rd8 30. Rda1 Rd6 31. Ra5 Rb6 32. Ne2 d4 33. Re1 Kd5 34.
Raa1 Bf6 35. Rad1 Rd6 36. f4 Kc6 37. fxe5 Bxe5 38. cxd4 Bg7 39. Rd2 Rad8 40.
Red1 Rd5 41. g3 g5 42. Kg2 h5 43. Rc1+ Kb6 44. Rc5 Bf8 45. Rxd5 Rxd5 46. Kf3
Bxb4 47. Rc2 Rd8 48. Ke4 h4 49. gxh4 gxh4 50. Nf4 Bd6 51. Ne6 Rd7 52. d5 b4 53.
b3 a5 54. Rc6+ Kb7 55. Kf5 a4 56. bxa4 b3 57. Nc5+ Bxc5 58. Rxc5 Kb8 59. Ke6
Rc7 60. Rb5+ Rb7 61. Rxb7+ Kxb7 62. d6 b2 63. d7 b1=Q 64. d8=Q Qe4+ 65. Kf6
Qf4+ 66. Kg6 Qxh2 67. Qd5+ Kc7 68. Qc5+ Kd7 69. Qf5+ Kc6 70. Kh5 1/2-1/2